Loading...
Upkar's UGC NET/ JRF exam
| Format: | Printed Book |
|---|---|
| Published: |
Agra
Upkar Prakashan
|
| Subjects: |
| LEADER | 00388nam a2200121 4500 | ||
|---|---|---|---|
| 020 | |a 9789350135211 | ||
| 082 | |a 640.076 |b UPK | ||
| 245 | |a Upkar's UGC NET/ JRF exam | ||
| 260 | |a Agra |b Upkar Prakashan | ||
| 650 | |a ugc home science | ||
| 942 | |c CC | ||
| 999 | |c 56401 |d 56401 | ||
| 952 | |0 0 |1 0 |4 0 |6 640_076000000000000_UPK |7 0 |9 63498 |a KUCL |b KUCL |d 2019-03-15 |g 120.00 |l 0 |o 640.076 UPK |p 49483 |r 2019-03-15 |w 2019-03-15 |y CC | ||